000 00779nam a2200265 i 4500
001 C2-0122165
003 PPAK
005 20180727113553.0
008 970820s1986 enka|||| ||||| | eng d
020 _a085078641X
040 _aPPAK
_beng
_cPPAK
_erda
082 0 4 _a998
_223
090 0 0 _a998
_bJAC
_dK
100 1 _aJacobsen,Peter Otto,
_eauthor
245 1 2 _aA family in Greenland
264 1 _aHove :
_bWayland ,
_c1986
300 _a32 pages :
_bcolour illustrations ;
_c20 cm
336 _2rdacontent
_atext
337 _2rdamedia
_aunmediated
338 _2rdacarrier
_avolume
490 1 _aFamilies around the World
650 1 0 _aGreenland - Social life and customs - Case studies - Juvenile literature
830 0 _aFamilies around the World
942 _ddc
_cB
999 _c35004
_d35004